Rangers Players Since 2014 - Statistics

General Stats
  • This quiz has been taken 59 times
  • The average score is 161 of 335
Answer Stats
% Correct
2023/24 (Premiership - 2nd) England RB 32 James Tavernier 58 24
95%
2022/23 (Premiership - 2nd) England RB 30 James Tavernier 55 18
95%
2021/22 (Premiership - 2nd) England RB 29 James Tavernier 58 18
95%
2020/21 (Premiership - 1st) England RB 28 James Tavernier 46 19
95%
2019/20 (Premiership - 2nd) England RB 27 James Tavernier 46 3
95%
2018/19 (Premiership - 2nd) England RB 26 James Tavernier 57 17
95%
2017/18 (Premiership - 3rd) England RB 25 James Tavernier 46 9
95%
2016/17 (Premiership - 3rd) England RB 24 James Tavernier 44 2
95%
2015/16 (Championship - 1st) England RB 23 James Tavernier 50 15
95%
2023/24 (Premiership - 2nd) England GK 31 Jack Butland 58
92%
2023/24 (Premiership - 2nd) Nigeria ST 29 Cyriel Dessers 54 22
89%
2022/23 (Premiership - 2nd) Colombia ST 26 Alfredo Morelos 45 12
86%
2021/22 (Premiership - 2nd) Colombia ST 25 Alfredo Morelos 42 18
86%
2020/21 (Premiership - 1st) Colombia ST 24 Alfredo Morelos 44 17
86%
2019/20 (Premiership - 2nd) Colombia ST 23 Alfredo Morelos 47 29
86%
2018/19 (Premiership - 2nd) Colombia ST 22 Alfredo Morelos 48 30
86%
2017/18 (Premiership - 3rd) Colombia ST 21 Alfredo Morelos 43 18
86%
2022/23 (Premiership - 2nd) Scotland GK 40 Allan McGregor 36
84%
2021/22 (Premiership - 2nd) Scotland GK 39 Allan McGregor 48
84%
2020/21 (Premiership - 1st) Scotland GK 38 Allan McGregor 42
84%
2019/20 (Premiership - 2nd) Scotland GK 37 Allan McGregor 49
84%
2018/19 (Premiership - 2nd) Scotland GK 36 Allan McGregor 52
84%
2023/24 (Premiership - 2nd) Scotland CM 32 Ryan Jack 22 2
84%
2022/23 (Premiership - 2nd) Scotland CM 30 Ryan Jack 36 2
84%
2021/22 (Premiership - 2nd) Scotland CM 29 Ryan Jack 22 1
84%
2020/21 (Premiership - 1st) Scotland CM 28 Ryan Jack 24 2
84%
2019/20 (Premiership - 2nd) Scotland CM 27 Ryan Jack 39 5
84%
2018/19 (Premiership - 2nd) Scotland CM 26 Ryan Jack 46 4
84%
2017/18 (Premiership - 3rd) Scotland CM 25 Ryan Jack 21
84%
2022/23 (Premiership - 2nd) Canada CM 33 Scott Arfield 43 9
84%
2021/22 (Premiership - 2nd) Canada CM 32 Scott Arfield 50 6
84%
2020/21 (Premiership - 1st) Canada CM 31 Scott Arfield 45 7
84%
2019/20 (Premiership - 2nd) Canada CM 30 Scott Arfield 49 9
84%
2018/19 (Premiership - 2nd) Canada CM 29 Scott Arfield 46 12
84%
2022/23 (Premiership - 2nd) Northern Ireland CM 37 Steven Davis 16 2
84%
2021/22 (Premiership - 2nd) Northern Ireland CM 36 Steven Davis 33 1
84%
2020/21 (Premiership - 1st) Northern Ireland CM 35 Steven Davis 49 2
84%
2019/20 (Premiership - 2nd) Northern Ireland CM 34 Steven Davis 43 1
84%
2018/19 (Premiership - 2nd) Northern Ireland CM 33 Steven Davis 18
84%
2023/24 (Premiership - 2nd) England CB 31 Connor Goldson 48
81%
2022/23 (Premiership - 2nd) England CB 29 Connor Goldson 38 3
81%
2021/22 (Premiership - 2nd) England CB 28 Connor Goldson 61 4
81%
2020/21 (Premiership - 1st) England CB 27 Connor Goldson 56 8
81%
2019/20 (Premiership - 2nd) England CB 26 Connor Goldson 52 4
81%
2018/19 (Premiership - 2nd) England CB 25 Connor Goldson 54 4
81%
2014/15 (Championship - 3rd) Scotland CB 28 Darren McGregor 53 5
81%
2022/23 (Premiership - 2nd) Zambia ST 25 Fashion Sakala 41 12
81%
2021/22 (Premiership - 2nd) Zambia ST 24 Fashion Sakala 50 12
81%
2023/24 (Premiership - 2nd) Romania AM 25 Ianis Hagi 2
81%
2022/23 (Premiership - 2nd) Romania AM 23 Ianis Hagi 11 1
81%
2021/22 (Premiership - 2nd) Romania AM 22 Ianis Hagi 27 4
81%
2020/21 (Premiership - 1st) Romania AM 21 Ianis Hagi 46 8
81%
2019/20 (Premiership - 2nd) Romania AM 20 Ianis Hagi 13 3
81%
2015/16 (Championship - 1st) England AM 27 Nicky Law 26 1
81%
2014/15 (Championship - 3rd) England AM 26 Nicky Law 54 13
81%
2023/24 (Premiership - 2nd) Wales LW 23 Rabbi Matondo 31 6
81%
2022/23 (Premiership - 2nd) Wales LW 21 Rabbi Matondo 28
81%
2022/23 (Premiership - 2nd) England LW 25 Ryan Kent 44 3
81%
2021/22 (Premiership - 2nd) England LW 24 Ryan Kent 46 3
81%
2020/21 (Premiership - 1st) England LW 23 Ryan Kent 52 13
81%
2019/20 (Premiership - 2nd) England LW 22 Ryan Kent 33 8
81%
2018/19 (Premiership - 2nd) England LW 21 Ryan Kent 43 6
81%
2023/24 (Premiership - 2nd) Brazil ST 25 Danilo 21 6
78%
2023/24 (Premiership - 2nd) Scotland CB 27 John Souttar 41 2
78%
2022/23 (Premiership - 2nd) Scotland CB 25 John Souttar 13 1
78%
2023/24 (Premiership - 2nd) Turkey LB 23 Ridvan Yilmaz 32 2
76%
2022/23 (Premiership - 2nd) Turkey LB 21 Ridvan Yilmaz 15
76%
2023/24 (Premiership - 2nd) Wales LW 30 Tom Lawrence 32 3
76%
2022/23 (Premiership - 2nd) Wales LW 28 Tom Lawrence 9 3
76%
2023/24 (Premiership - 2nd) Croatia LB 31 Borna Barisic 35 1
73%
2022/23 (Premiership - 2nd) Croatia LB 29 Borna Barisic 46 2
73%
2021/22 (Premiership - 2nd) Croatia LB 28 Borna Barisic 43
73%
2020/21 (Premiership - 1st) Croatia LB 27 Borna Barisic 50 5
73%
2019/20 (Premiership - 2nd) Croatia LB 26 Borna Barisic 40 2
73%
2018/19 (Premiership - 2nd) Croatia LB 25 Borna Barisic 22
73%
2022/23 (Premiership - 2nd) Finland CM 26 Glen Kamara 35 1
73%
2021/22 (Premiership - 2nd) Finland CM 25 Glen Kamara 52 4
73%
2020/21 (Premiership - 1st) Finland CM 24 Glen Kamara 51 2
73%
2019/20 (Premiership - 2nd) Finland CM 23 Glen Kamara 39 1
73%
2018/19 (Premiership - 2nd) Finland CM 22 Glen Kamara 16 1
73%
2021/22 (Premiership - 2nd) Nigeria CM 24 Joe Aribo 57 9
73%
2020/21 (Premiership - 1st) Nigeria CM 23 Joe Aribo 43 8
73%
2019/20 (Premiership - 2nd) Nigeria CM 22 Joe Aribo 49 9
73%
2017/18 (Premiership - 3rd) Scotland ST 37 Kenny Miller 23 5
73%
2016/17 (Premiership - 3rd) Scotland ST 36 Kenny Miller 47 14
73%
2015/16 (Championship - 1st) Scotland ST 35 Kenny Miller 43 21
73%
2014/15 (Championship - 3rd) Scotland ST 34 Kenny Miller 41 9
73%
2019/20 (Premiership - 2nd) Wales CM 30 Andy King 5
70%
2023/24 (Premiership - 2nd) England CB 28 Ben Davies 17 1
70%
2022/23 (Premiership - 2nd) England CB 26 Ben Davies 38
70%
2015/16 (Championship - 1st) Scotland LW 21 Billy King 13 1
70%
2023/24 (Premiership - 2nd) England DM 30 John Lundstram 53 2
70%
2022/23 (Premiership - 2nd) England DM 28 John Lundstram 52 5
70%
2021/22 (Premiership - 2nd) England DM 27 John Lundstram 48 4
70%
2023/24 (Premiership - 2nd) Jamaica ST 31 Kemar Roofe 24 2
70%
2022/23 (Premiership - 2nd) Jamaica ST 29 Kemar Roofe 6 2
70%
2021/22 (Premiership - 2nd) Jamaica ST 28 Kemar Roofe 36 16
70%
2020/21 (Premiership - 1st) Jamaica ST 27 Kemar Roofe 36 18
70%
2023/24 (Premiership - 2nd) Scotland CB 20 Leon King 5
70%
2022/23 (Premiership - 2nd) Scotland CB 18 Leon King 23
70%
2021/22 (Premiership - 2nd) Scotland CB 17 Leon King 6
70%
2020/21 (Premiership - 1st) Scotland CB 16 Leon King 2
70%
2023/24 (Premiership - 2nd) Belgium CM 23 Nicolas Raskin 31 1
70%
2022/23 (Premiership - 2nd) Belgium CM 21 Nicolas Raskin 16
70%
2022/23 (Premiership - 2nd) United States DM 21 James Sands 27 1
68%
2021/22 (Premiership - 2nd) United States DM 20 James Sands 14
68%
2023/24 (Premiership - 2nd) Nigeria CB 35 Leon Balogun 19
68%
2021/22 (Premiership - 2nd) Nigeria CB 33 Leon Balogun 37 2
68%
2020/21 (Premiership - 1st) Nigeria CB 32 Leon Balogun 28
68%
2022/23 (Premiership - 2nd) United States AM 20 Malik Tillman 43 12
68%
2023/24 (Premiership - 2nd) Northern Ireland RW 21 Ross McCausland 39 4
68%
2022/23 (Premiership - 2nd) Northern Ireland RW 19 Ross McCausland 1
68%
2021/22 (Premiership - 2nd) Northern Ireland RW 18 Ross McCausland 1
68%
2023/24 (Premiership - 2nd) Senegal RW 22 Abdallah Sima 39 16
65%
2021/22 (Premiership - 2nd) Nigeria CB 21 Calvin Bassey 50
65%
2020/21 (Premiership - 1st) Nigeria CB 20 Calvin Bassey 15 1
65%
2021/22 (Premiership - 2nd) Sweden CB 28 Filip Helander 11 2
65%
2020/21 (Premiership - 1st) Sweden CB 27 Filip Helander 31 3
65%
2019/20 (Premiership - 2nd) Sweden CB 26 Filip Helander 18 2
65%
2023/24 (Premiership - 2nd) Scotland RW 26 Scott Wright 33 4
65%
2022/23 (Premiership - 2nd) Scotland RW 24 Scott Wright 34
65%
2021/22 (Premiership - 2nd) Scotland RW 23 Scott Wright 37 7
65%
2020/21 (Premiership - 1st) Scotland RW 22 Scott Wright 13 1
65%
2023/24 (Premiership - 2nd) England RB 24 Dujon Sterling 36 1
62%
2021/22 (Premiership - 2nd) England ST 38 Jermain Defoe 2
62%
2020/21 (Premiership - 1st) England ST 37 Jermain Defoe 20 7
62%
2019/20 (Premiership - 2nd) England ST 36 Jermain Defoe 32 17
62%
2018/19 (Premiership - 2nd) England ST 35 Jermain Defoe 20 8
62%
2023/24 (Premiership - 2nd) Ivory Coast CM 22 Mohamed Diomande 19 2
62%
2019/20 (Premiership - 2nd) Bosnia CB 22 Nikola Katic 29 3
62%
2018/19 (Premiership - 2nd) Bosnia CB 21 Nikola Katic 30 3
62%
2023/24 (Premiership - 2nd) Colombia RW 20 Oscar Cortes 7 1
62%
2021/22 (Premiership - 2nd) Wales CM 30 Aaron Ramsey 13 2
59%
2022/23 (Premiership - 2nd) Croatia ST 28 Antonio Colak 39 18
59%
2017/18 (Premiership - 3rd) Wales LB 22 Declan John 31 3
59%
2023/24 (Premiership - 2nd) Netherlands ST 27 Sam Lammers 31 2
59%
2023/24 (Premiership - 2nd) England AM 26 Kieran Dowell 16 2
57%
2014/15 (Championship - 3rd) Scotland ST 30 Kris Boyd 43 10
57%
2018/19 (Premiership - 2nd) Scotland LB 30 Lee Wallace 3
57%
2017/18 (Premiership - 3rd) Scotland LB 29 Lee Wallace 7
57%
2016/17 (Premiership - 3rd) Scotland LB 28 Lee Wallace 35 3
57%
2015/16 (Championship - 1st) Scotland LB 27 Lee Wallace 50 9
57%
2014/15 (Championship - 3rd) Scotland LB 26 Lee Wallace 47 4
57%
2023/24 (Premiership - 2nd) England LM 26 Todd Cantwell 44 8
57%
2022/23 (Premiership - 2nd) England LM 24 Todd Cantwell 20 6
57%
2021/22 (Premiership - 2nd) Ivory Coast RW 18 Amad Diallo 13 3
54%
2021/22 (Premiership - 2nd) Switzerland ST 24 Cedric Itten 11 2
54%
2020/21 (Premiership - 1st) Switzerland ST 23 Cedric Itten 37 6
54%
2018/19 (Premiership - 2nd) Portugal RW 30 Daniel Candeias 52 6
54%
2017/18 (Premiership - 3rd) Portugal RW 29 Daniel Candeias 45 8
54%
2023/24 (Premiership - 2nd) Scotland GK 26 Robby McCrorie 1
54%
2022/23 (Premiership - 2nd) Scotland GK 24 Robby McCrorie 4
54%
2021/22 (Premiership - 2nd) Scotland GK 23 Robby McCrorie 2
54%
2018/19 (Premiership - 2nd) Scotland RB 20 Ross McCrorie 31
54%
2017/18 (Premiership - 3rd) Scotland RB 19 Ross McCrorie 24 2
54%
2019/20 (Premiership - 2nd) England GK 28 Wes Foderingham 5
54%
2018/19 (Premiership - 2nd) England GK 27 Wes Foderingham 8
54%
2017/18 (Premiership - 3rd) England GK 26 Wes Foderingham 37
54%
2016/17 (Premiership - 3rd) England GK 25 Wes Foderingham 43
54%
2015/16 (Championship - 1st) England GK 24 Wes Foderingham 50
54%
2022/23 (Premiership - 2nd) Scotland GK 34 Jon McLaughlin 16
51%
2021/22 (Premiership - 2nd) Scotland GK 33 Jon McLaughlin 16
51%
2020/21 (Premiership - 1st) Scotland GK 32 Jon McLaughlin 14
51%
2023/24 (Premiership - 2nd) Ecuador CM 25 Jose Cifuentes 20
51%
2016/17 (Premiership - 3rd) Scotland LW 21 Barrie McKay 46 6
49%
2015/16 (Championship - 1st) Scotland LW 20 Barrie McKay 48 9
49%
2018/19 (Premiership - 2nd) Northern Ireland ST 30 Kyle Lafferty 30 6
49%
2017/18 (Premiership - 3rd) England ST 27 Martyn Waghorn 1
49%
2016/17 (Premiership - 3rd) England ST 26 Martyn Waghorn 41 16
49%
2015/16 (Championship - 1st) England ST 25 Martyn Waghorn 36 28
49%
2021/22 (Premiership - 2nd) Scotland RB 19 Nathan Patterson 11
49%
2020/21 (Premiership - 1st) Scotland RB 18 Nathan Patterson 14 2
49%
2019/20 (Premiership - 2nd) Scotland RB 17 Nathan Patterson 2
49%
2023/24 (Premiership - 2nd) Scotland RB 21 Adam Devine 1
46%
2022/23 (Premiership - 2nd) Scotland RB 19 Adam Devine 8
46%
2021/22 (Premiership - 2nd) Scotland RB 18 Adam Devine 2
46%
2017/18 (Premiership - 3rd) Scotland CB 25 Danny Wilson 15 3
46%
2016/17 (Premiership - 3rd) Scotland CB 24 Danny Wilson 27
46%
2015/16 (Championship - 1st) Scotland CB 23 Danny Wilson 42 1
46%
2023/24 (Premiership - 2nd) Portugal ST 21 Fabio Silva 25 6
46%
2018/19 (Premiership - 2nd) England AM 24 Josh Windass 5
46%
2017/18 (Premiership - 3rd) England AM 23 Josh Windass 41 18
46%
2016/17 (Premiership - 3rd) England AM 22 Josh Windass 27 1
46%
2023/24 (Premiership - 2nd) England ST 18 Zak Lovelace 2
46%
2022/23 (Premiership - 2nd) England ST 16 Zak Lovelace 2
46%
2016/17 (Premiership - 3rd) Scotland CB 17 Aidan Wilson 2
43%
2022/23 (Premiership - 2nd) Scotland AM 19 Alex Lowry 7
43%
2021/22 (Premiership - 2nd) Scotland AM 18 Alex Lowry 7 2
43%
2017/18 (Premiership - 3rd) Mexico AM 27 Carlos Pena 14 5
43%
2023/24 (Premiership - 2nd) Scotland DM 17 Bailey Rice 2
41%
2022/23 (Premiership - 2nd) Scotland DM 15 Bailey Rice 1
41%
2017/18 (Premiership - 3rd) Portugal CB 35 Bruno Alves 25 2
41%
2017/18 (Premiership - 3rd) Mexico ST 28 Eduardo Herrera 24 2
38%
2016/17 (Premiership - 3rd) England CM 33 Joey Barton 8
38%
2020/21 (Premiership - 1st) Northern Ireland LW 25 Jordan Jones 4 1
38%
2019/20 (Premiership - 2nd) Northern Ireland LW 24 Jordan Jones 15
38%
2018/19 (Premiership - 2nd) Mali CM 22 Lassana Coulibaly 30 3
38%
2021/22 (Premiership - 2nd) Scotland CM 21 Stephen Kelly 2
38%
2018/19 (Premiership - 2nd) Scotland CM 18 Stephen Kelly 1
38%
2017/18 (Premiership - 3rd) Portugal CB 23 Fabio Cardoso 18
35%
2021/22 (Premiership - 2nd) Curacao CM 23 Juninho Bacuna 12 1
35%
2016/17 (Premiership - 3rd) Switzerland CB 31 Philippe Senderos 4
35%
2019/20 (Premiership - 2nd) Scotland DM 27 Andy Halliday 12
32%
2018/19 (Premiership - 2nd) Scotland DM 26 Andy Halliday 35 3
32%
2017/18 (Premiership - 3rd) Scotland DM 25 Andy Halliday 15
32%
2016/17 (Premiership - 3rd) Scotland DM 24 Andy Halliday 42 5
32%
2015/16 (Championship - 1st) Scotland DM 23 Andy Halliday 48 10
32%
2017/18 (Premiership - 3rd) Scotland CM 24 Jason Holt 32 2
32%
2016/17 (Premiership - 3rd) Scotland CM 23 Jason Holt 38 1
32%
2015/16 (Championship - 1st) Scotland CM 22 Jason Holt 45 12
32%
2018/19 (Premiership - 2nd) England DM 21 Jordan Rossiter 5
32%
2017/18 (Premiership - 3rd) England DM 20 Jordan Rossiter 5 1
32%
2016/17 (Premiership - 3rd) England DM 19 Jordan Rossiter 6
32%
2019/20 (Premiership - 2nd) United States DM 26 Matt Polster 9
32%
2018/19 (Premiership - 2nd) United States DM 25 Matt Polster 1
32%
2020/21 (Premiership - 1st) South Africa CM 27 Bongani Zungu 21
30%
2014/15 (Championship - 3rd) Scotland GK 27 Cammy Bell 18
30%
2014/15 (Championship - 3rd) Scotland DM 29 Ian Black 35 3
30%
2017/18 (Premiership - 3rd) Australia ST 21 Jason Cummings 18 6
30%
2019/20 (Premiership - 2nd) England RB 26 Jon Flanagan 9
30%
2018/19 (Premiership - 2nd) England RB 25 Jon Flanagan 30
30%
2015/16 (Championship - 1st) Scotland ST 24 Nicky Clark 32 6
30%
2014/15 (Championship - 3rd) Scotland ST 23 Nicky Clark 45 9
30%
2016/17 (Premiership - 3rd) England CB 37 Clint Hill 31 6
27%
2023/24 (Premiership - 2nd) Scotland CM 21 Cole McKinnon 3
27%
2021/22 (Premiership - 2nd) Scotland CM 18 Cole McKinnon 1 1
27%
2018/19 (Premiership - 2nd) Northern Ireland CB 38 Gareth McAuley 10
27%
2020/21 (Premiership - 1st) England CB 22 George Edmundson 2
27%
2019/20 (Premiership - 2nd) England CB 21 George Edmundson 15 2
27%
2020/21 (Premiership - 1st) Scotland LW 20 Glenn Middleton 1
27%
2018/19 (Premiership - 2nd) Scotland LW 18 Glenn Middleton 28 5
27%
2021/22 (Premiership - 2nd) England CB 24 Jack Simpson 7
27%
2020/21 (Premiership - 1st) England CB 23 Jack Simpson 7
27%
2019/20 (Premiership - 2nd) Scotland LW 29 Jamie Murphy 2
27%
2018/19 (Premiership - 2nd) Scotland LW 28 Jamie Murphy 8 1
27%
2017/18 (Premiership - 3rd) Scotland LW 27 Jamie Murphy 19 5
27%
2014/15 (Championship - 3rd) Ireland ST 31 Jon Daly 28 4
27%
2014/15 (Championship - 3rd) Scotland CB 36 Lee McCulloch 45 6
27%
2016/17 (Premiership - 3rd) Ireland CB 25 Rob Kiernan 31 1
27%
2015/16 (Championship - 1st) Ireland CB 24 Rob Kiernan 45
27%
2019/20 (Premiership - 2nd) England RW 22 Sheyi Ojo 36 5
27%
2018/19 (Premiership - 2nd) Nigeria ST 21 Umar Sadiq 4
27%
2022/23 (Premiership - 2nd) Northern Ireland DM 20 Charlie McCann 4
24%
2021/22 (Premiership - 2nd) Northern Ireland DM 19 Charlie McCann 4
24%
2016/17 (Premiership - 3rd) England ST 28 Joe Garner 34 10
24%
2017/18 (Premiership - 3rd) Croatia AM 32 Niko Kranjcar 11
24%
2016/17 (Premiership - 3rd) Croatia AM 31 Niko Kranjcar 15 3
24%
2014/15 (Championship - 3rd) Scotland RB 28 Ricky Foster 29
24%
2023/24 (Premiership - 2nd) Scotland LB 21 Robbie Fraser 1
24%
2014/15 (Championship - 3rd) Northern Ireland LM 22 Shane Ferguson 2
24%
2014/15 (Championship - 3rd) Honduras RM 25 Arnold Peralta 5
22%
2014/15 (Championship - 3rd) Tunisia CB 26 Bilel Mohsni 24 1
22%
2021/22 (Premiership - 2nd) England LW 24 Brandon Barker 1
22%
2020/21 (Premiership - 1st) England LW 23 Brandon Barker 13 2
22%
2019/20 (Premiership - 2nd) England LW 22 Brandon Barker 13 1
22%
2017/18 (Premiership - 3rd) Guinea-Bissau CM 21 Dalcio 3
22%
2015/16 (Championship - 1st) Northern Ireland CM 30 Dean Shiels 43 3
22%
2014/15 (Championship - 3rd) Northern Ireland CM 29 Dean Shiels 30 5
22%
2018/19 (Premiership - 2nd) Albania RW 23 Eros Grezda 17 2
22%
2019/20 (Premiership - 2nd) Scotland CM 22 Greg Docherty 5
22%
2017/18 (Premiership - 3rd) Scotland CM 20 Greg Docherty 14
22%
2014/15 (Championship - 3rd) Slovenia SS 21 Haris Vuckic 22 9
22%
2017/18 (Premiership - 3rd) England GK 24 Jak Alnwick 10
22%
2016/17 (Premiership - 3rd) England GK 23 Jak Alnwick 1
22%
2014/15 (Championship - 3rd) Scotland LB 28 Steven Smith 20 1
22%
2017/18 (Premiership - 3rd) Scotland CB 20 David Bates 20 1
19%
2016/17 (Premiership - 3rd) Scotland CB 19 David Bates 8
19%
2015/16 (Championship - 1st) Scotland LW 26 David Templeton 3 1
19%
2014/15 (Championship - 3rd) Scotland LW 25 David Templeton 28 3
19%
2019/20 (Premiership - 2nd) Albania ST 24 Florian Kamberi 9 1
19%
2015/16 (Championship - 1st) Canada RM 20 Fraser Aird 4
19%
2014/15 (Championship - 3rd) Canada RM 19 Fraser Aird 22 2
19%
2015/16 (Championship - 1st) United States DM 18 Gedion Zelalem 28
19%
2018/19 (Premiership - 2nd) Scotland CM 31 Graham Dorrans 3
19%
2017/18 (Premiership - 3rd) Scotland CM 30 Graham Dorrans 20 5
19%
2020/21 (Premiership - 1st) Scotland ST 30 Greg Stewart 8
19%
2019/20 (Premiership - 2nd) Scotland ST 29 Greg Stewart 25 3
19%
2018/19 (Premiership - 2nd) England CB 21 Joe Worrall 32 1
19%
2016/17 (Premiership - 3rd) Spain AM 21 Jon Toral 15 3
19%
2017/18 (Premiership - 3rd) England LW 22 Joseph Dodoo 2
19%
2016/17 (Premiership - 3rd) England LW 21 Joseph Dodoo 25 5
19%
2014/15 (Championship - 3rd) Scotland CM 23 Kyle Hutton 12
19%
2016/17 (Premiership - 3rd) Malta LB 17 Myles Beerman 8
19%
2018/19 (Premiership - 2nd) England LM 20 Ovie Ejaria 28 2
19%
2014/15 (Championship - 3rd) England GK 35 Steve Simonsen 28
19%
2016/17 (Premiership - 3rd) United States CM 20 Emerson Hyndman 17 4
16%
2016/17 (Premiership - 3rd) England LW 25 Harry Forrester 28 3
16%
2015/16 (Championship - 1st) England LW 24 Harry Forrester 16 5
16%
2016/17 (Premiership - 3rd) Northern Ireland CM 19 Jordan Thompson 1
16%
2015/16 (Championship - 1st) Northern Ireland CM 18 Jordan Thompson 2
16%
2017/18 (Premiership - 3rd) Northern Ireland RB 25 Lee Hodson 9
16%
2016/17 (Premiership - 3rd) Northern Ireland RB 24 Lee Hodson 18 1
16%
2016/17 (Premiership - 3rd) England AM 22 Matt Crooks 3
16%
2016/17 (Premiership - 3rd) Scotland GK 34 Matt Gilks 5
16%
2017/18 (Premiership - 3rd) Scotland RW 26 Michael O'Halloran 1
16%
2016/17 (Premiership - 3rd) Scotland RW 25 Michael O'Halloran 24
16%
2015/16 (Championship - 1st) Scotland RW 24 Michael O'Halloran 13 3
16%
2017/18 (Premiership - 3rd) Scotland CB 31 Russell Martin 17 1
16%
2015/16 (Championship - 1st) England DM 19 Dominic Ball 30
14%
2021/22 (Premiership - 2nd) Poland LW 19 Mateusz Zukowski 1
14%
2014/15 (Championship - 3rd) France RB 23 Sebastien Faure 7
14%
2017/18 (Premiership - 3rd) France RW 19 Aaron Nemane 6
11%
2018/19 (Premiership - 2nd) England GK 21 Andy Firth 1
11%
2023/24 (Premiership - 2nd) England LB 20 Johnly Yfeko 1
11%
2014/15 (Championship - 3rd) England GK 27 Lee Robinson 9
11%
2016/17 (Premiership - 3rd) Scotland RM 17 Liam Burt 1
11%
2015/16 (Championship - 1st) Scotland RM 16 Liam Burt 2
11%
2014/15 (Championship - 3rd) Lithuania CB 30 Marius Zaliukas 28 2
11%
2022/23 (Premiership - 2nd) Scotland ST 18 Robbie Ure 3 1
11%
2018/19 (Premiership - 2nd) Finland RW 19 Serge Atakayi 1
11%
2015/16 (Championship - 1st) Scotland LM 18 Tom Walsh 2
11%
2014/15 (Championship - 3rd) Scotland LM 17 Tom Walsh 10
11%
2022/23 (Premiership - 2nd) England RW 16 Archie Stevens 1
8%
2018/19 (Premiership - 2nd) Scotland ST 16 Dapo Mebude 1
8%
2017/18 (Premiership - 3rd) Scotland CM 18 Jamie Barjonas 5
8%
2016/17 (Premiership - 3rd) Scotland CM 17 Jamie Barjonas 4
8%
2019/20 (Premiership - 2nd) Scotland LW 17 Kai Kennedy 1
8%
2014/15 (Championship - 3rd) Scotland CM 20 Lewis Macleod 21 8
8%
2015/16 (Championship - 1st) England ST 19 Nathan Oduwa 19 1
8%
2022/23 (Premiership - 2nd) England CM 16 Paul Nsio 1
8%
2014/15 (Championship - 3rd) England CB 19 Remie Streete 1
8%
2014/15 (Championship - 3rd) Scotland CM 21 Robbie Crawford 5
8%
2017/18 (Premiership - 3rd) Scotland ST 20 Ryan Hardie 7
8%
2015/16 (Championship - 1st) Scotland ST 18 Ryan Hardie 4
8%
2014/15 (Championship - 3rd) Scotland ST 17 Ryan Hardie 6 2
8%
2017/18 (Premiership - 3rd) Northern Ireland CM 21 Sean Goss 15 2
8%
2014/15 (Championship - 3rd) Scotland CM 19 Andy Murdoch 21 1
5%
2022/23 (Premiership - 2nd) Scotland RW 18 Arron Lyall 1
5%
2014/15 (Championship - 3rd) Scotland ST 19 Calum Gallagher 1
5%
2020/21 (Premiership - 1st) Scotland CM 18 Ciaran Dickson 1
5%
2019/20 (Premiership - 2nd) Scotland LW 20 Jake Hastie 2
5%
2018/19 (Premiership - 2nd) Scotland RB 18 Jordan Houston 1
5%
2019/20 (Premiership - 2nd) Scotland RM 17 Josh McPake 1
5%
2016/17 (Premiership - 3rd) Scotland CB 17 Kyle Bradley 1
3%
2021/22 (Premiership - 2nd) England ST 17 Tony Weston 1
3%
No matching quizzes found
Score Distribution
Percent of People with Each Score
Percentile by Number Answered
Your Score History
You have not taken this quiz